| 000 | 00433cam a2200169ua 4500 | ||
|---|---|---|---|
| 041 |
_aeng _h |
||
| 082 |
_a028.75624 _bBEL/SP |
||
| 100 | _aBelfield, David . | ||
| 245 | 0 | 0 |
_aSpon`s architects` and builders price book / _cDavid Belfield. _hTextual Documents |
| 250 |
_a26 / _b. |
||
| 260 |
_aLondon : _bE & F N Spon , _c1961. |
||
| 300 | _a782 ; . | ||
| 504 | _a | ||
| 700 | 1 | _aEverest, . | |
| 942 | _cBK | ||
| 999 |
_c3780 _d3780 |
||